Países en emojis: Europa - Estadísticas

Estadísticas generales
  • Esta prueba ha sido intentada 541 veces
    237 desde el último reinicio
  • La puntuación promedio es 20 de 32
Estadísticas de respuestas
Imagen Respuesta % Correcto
España
99%
Grecia
92%
Italia
89%
Francia
88%
Alemania
87%
Reino Unido
87%
Irlanda
86%
Bélgica
85%
Rumania
81%
Países Bajos
80%
Rusia
80%
Islandia
74%
Mónaco
73%
Ucrania
73%
Suiza
70%
Chipre
69%
Bielorrusia
64%
Austria
63%
Vaticano
63%
Finlandia
62%
Bosnia y Herzegovina
51%
Dinamarca
51%
Portugal
51%
Noruega
50%
Malta
48%
Suecia
44%
Serbia
38%
Polonia
35%
República Checa
31%
Croacia
28%
Hungría
24%
Bulgaria
21%
No se encontraron pruebas coincidentes
Distribución de puntuación
Porcentaje de gente con cada puntuación
Porcentaje por número respondido
Historial de tus puntuaciones
No has intentado esta prueba desde el último reinicio